Sports Quiz

Random Sports or NFL Quiz

NFL Most 50+ Yard Receptions By Team Since 2000 Quiz Stats

 Plays Quiz not verified by Sporcle

Score 0/160 Timer 20:00
1 Play Today
Team Player % Correct
Detroit LionsCalvin Johnson
97.6%
Cincinnati BengalsChad Johnson
97.5%
Houston TexansAndre Johnson
97.5%
Buffalo BillsSteve Johnson
97.3%
Carolina PanthersSteve Smith
97.1%
Jacksonville JaguarsJimmy Smith
96.8%
Arizona CardinalsLarry Fitzgerald
96.2%
Detroit LionsMarvin Jones
96.3%
Baltimore RavensSteve Smith
94.5%
Minnesota VikingsRandy Moss
94%
New England PatriotsRandy Moss
94%
San Francisco 49ersTorrey Smith
93.9%
New York JetsSantana Moss
93.9%
Washington RedskinsSantana Moss
93.9%
Atlanta FalconsRoddy White
93.8%
Baltimore RavensTorrey Smith
93.2%
Atlanta FalconsJulio Jones
92.6%
Green Bay PackersJames Jones
92.4%
Philadelphia EaglesDeSean Jackson
91.8%
Los Angeles ChargersVincent Jackson
91.6%
Seattle SeahawksDarrell Jackson
91.4%
Los Angeles RamsSteven Jackson
91.3%
Arizona CardinalsAnquan Boldin
90.6%
Indianapolis ColtsReggie Wayne
89.1%
Indianapolis ColtsMarvin Harrison
89%
Pittsburgh SteelersAntonio Brown
88.4%
Washington RedskinsDeSean Jackson
87.4%
Pittsburgh SteelersMartavis Bryant
86.9%
Dallas CowboysTerrell Owens
85.3%
Philadelphia EaglesTerrell Owens
85.3%
San Francisco 49ersTerrell Owens
85.3%
Arizona CardinalsJohn Brown
85%
New Orleans SaintsMarques Colston
84.6%
Green Bay PackersGreg Jennings
82.9%
Houston TexansDeAndre Hopkins
81.7%
Kansas City ChiefsDwayne Bowe
81%
Denver BroncosBrandon Marshall
80.6%
Green Bay PackersDonald Driver
80.5%
New England PatriotsWes Welker
80.1%
Denver BroncosDemaryius Thomas
80%
Minnesota VikingsSidney Rice
78.8%
New England PatriotsTroy Brown
78.7%
Los Angeles RamsTorry Holt
78.3%
Pittsburgh SteelersHines Ward
78.2%
New York GiantsOdell Beckham Jr.
77.9%
Detroit LionsRoy Williams
75.5%
Dallas CowboysMiles Austin
74.8%
New York GiantsVictor Cruz
74.7%
Tampa Bay BuccaneersVincent Jackson
74.6%
Pittsburgh SteelersSantonio Holmes
74.5%
Kansas City ChiefsPriest Holmes
74.2%
Pittsburgh SteelersMike Wallace
74%
Los Angeles RamsIsaac Bruce
73.9%
Seattle SeahawksGolden Tate
71.6%
Team Player % Correct
Carolina PanthersDeAngelo Williams
71.2%
Green Bay PackersJordy Nelson
69.7%
New York GiantsHakeem Nicks
69.4%
Buffalo BillsLee Evans
67.7%
Indianapolis ColtsDallas Clark
67.2%
Dallas CowboysDez Bryant
66.8%
Denver BroncosEmmanuel Sanders
66.5%
Kansas City ChiefsTyreek Hill
66.3%
New York GiantsPlaxico Burress
65.4%
Cleveland BrownsJosh Gordon
65%
New Orleans SaintsJoe Horn
64.5%
Detroit LionsGolden Tate
64%
Los Angeles ChargersTyrell Williams
63.8%
Philadelphia EaglesJeremy Maclin
63.7%
Cincinnati BengalsA.J. Green
63.3%
San Francisco 49ersVernon Davis
63.3%
Washington RedskinsPierre Garcon
62.6%
Baltimore RavensDerrick Mason
62%
Chicago BearsAlshon Jeffery
61.8%
Miami DolphinsMike Wallace
61.7%
Oakland RaidersAmari Cooper
61.3%
Jacksonville JaguarsAllen Robinson
61.1%
Baltimore RavensMike Wallace
61%
Chicago BearsDevin Hester
60.2%
New England PatriotsRob Gronkowski
59.7%
Carolina PanthersMuhsin Muhammad
59.4%
Oakland RaidersDenarius Moore
59.3%
Arizona CardinalsMichael Floyd
58.3%
New York GiantsAmani Toomer
57.9%
Buffalo BillsSammy Watkins
57.1%
Cleveland BrownsBraylon Edwards
56.5%
New York JetsBraylon Edwards
56.5%
New Orleans SaintsBrandin Cooks
56.5%
New Orleans SaintsDevery Henderson
53.9%
New England PatriotsDeion Branch
53.3%
Indianapolis ColtsT.Y. Hilton
52.5%
Jacksonville JaguarsKeenan Cole
52.5%
San Francisco 49ersMichael Crabtree
52.1%
Tennessee TitansKenny Britt
50.5%
Indianapolis ColtsPierre Garcon
49.6%
Los Angeles ChargersMalcom Floyd
49.2%
Tennessee TitansDelanie Walker
49.1%
Jacksonville JaguarsAllen Hurns
49%
Los Angeles ChargersLaDainian Tomlinson
47.1%
Denver BroncosEric Decker
46.8%
Cleveland BrownsTravis Benjamin
46.7%
Buffalo BillsEric Moulds
46.6%
Arizona CardinalsDavid Boston
46.6%
Carolina PanthersTed Ginn Jr.
46.1%
Houston TexansKevin Walter
43.8%
Tennessee TitansNate Washington
43.8%
Los Angeles RamsKenny Britt
42.9%
Tampa Bay BuccaneersJoey Galloway
41.8%
Green Bay PackersJavon Walker
41.4%
Team Player % Correct
Jacksonville JaguarsCecil Shorts
40.8%
New York JetsLaveranues Coles
40.5%
New Orleans SaintsRobert Meachem
39.6%
Oakland RaidersDarrius Heyward-Bey
39.5%
Miami DolphinsChris Chambers
39.3%
Miami DolphinsBrian Hartline
38.6%
New York JetsRobby Anderson
37.5%
Tampa Bay BuccaneersKeenan McCardell
36.6%
Houston TexansArian Foster
36.6%
Tampa Bay BuccaneersMike Williams
36.1%
Seattle SeahawksJermaine Kearse
35%
Cincinnati BengalsMohamed Sanu
34.5%
Tennessee TitansDrew Bennett
34.4%
Atlanta FalconsHarry Douglas
33.3%
Chicago BearsMarty Booker
32.7%
Miami DolphinsMarty Booker
32.7%
Minnesota VikingsJarius Wright
32.2%
Buffalo BillsPeerless Price
31.5%
Chicago BearsJohnny Knox
30.4%
Dallas CowboysTerry Glenn
30.3%
Miami DolphinsKenny Stills
30%
Baltimore RavensMark Clayton
28.5%
Tampa Bay BuccaneersMichael Clayton
28.5%
Atlanta FalconsAlge Crumpler
26.3%
Carolina PanthersBrandon LaFell
25.7%
Tennessee TitansRishard Matthews
25%
Kansas City ChiefsEddie Kennison
24.9%
New York JetsJerricho Cotchery
24.7%
Atlanta FalconsMichael Jenkins
24%
Cincinnati BengalsChris Henry
22.2%
Chicago BearsBernard Berrian
20.9%
Minnesota VikingsBernard Berrian
20.9%
Seattle SeahawksDoug Baldwin
20.6%
Cincinnati BengalsAndrew Hawkins
19.6%
Kansas City ChiefsDante Hall
16%
Seattle SeahawksTyler Lockett
15%
Cleveland BrownsQuincy Morgan
14.7%
Philadelphia EaglesTodd Pinkston
13.7%
Detroit LionsJahvid Best
13.1%
Los Angeles RamsChris Givens
13%
Philadelphia EaglesNelson Agholor
12.5%
Denver BroncosAshley Lelie
11.8%
Dallas CowboysPatrick Crayton
11%
Los Angeles ChargersCurtis Conway
8.8%
San Francisco 49ersMarquise Goodwin
8.8%
Washington RedskinsRod Gardner
8.6%
Cleveland BrownsDennis Northcutt
8.5%
Oakland RaidersLouis Murphy
7.9%
Washington RedskinsAnthony Armstrong
7.9%
Houston TexansCorey Bradford
3.3%
Oakland RaidersMarcel Reece
2.7%
Minnesota VikingsKelly Campbell
2.3%

You're not logged in!

Compare scores with friends on all Sporcle quizzes.
Join for Free
OR
Log In

You Might Also Like...

Show Comments

Extras

Curator's Pick Oct 4, 2012SourceReportNominate
Tags:NFL Quiz, 2000, least, player, rec, reception, team, yard

Top Quizzes Today


Score Distribution

Your Account Isn't Verified!

In order to create a playlist on Sporcle, you need to verify the email address you used during registration. Go to your Sporcle Settings to finish the process.

Report this User

Report this user for behavior that violates our Community Guidelines.

Details: